000 00388cam a22001337a 4500
008 180718b2004 xxu||||| |||| 00| 0 eng d
020 _a0670057657
082 _aA99/K527 G151
100 _aGandhi, Rajmohan
245 _aGhaffar Khan: nonviolent badshah of the Pakhtuns
_cby Rajmohan Gandhi
260 _aNew Delhi
_bViking
_c2004
300 _a300p.
650 _aKhan, Ghaffar - Biography
999 _c402916
_d402916